| 000 | 00671nam a2200193 4500 | ||
|---|---|---|---|
| 001 | 118718 | ||
| 003 | ES-MaACL | ||
| 005 | 20251005063109.0 | ||
| 007 | t| | ||
| 008 | 070214s1901 sp r ||||1| spa d | ||
| 100 | 1 |
_aPi Suñer, Augusto, _d1879-1965 _991726 |
|
| 245 | 1 | 3 |
_aLa vida anaerobia / _cAugusto Pi Suñer. |
| 260 |
_aBarcelona : _bTip. `La Académica` de Serra Hnos. y Russell, _c1901. |
||
| 300 |
_a119 p. ; _c26 cm. |
||
| 502 | _aTesis de doctorado leída en la Universidad Central, el 27 de octubre de 1900. | ||
| 710 | 2 |
_aUniversidad Central (Madrid). _bFacultad de Medicina _97093 |
|
| 852 |
_aES-MaACL _jT-1054-F-5 |
||
| 999 |
_c118718 _d118718 |
||